000 00461ntaaa2200181 4500
003 01
005 20251027202410.0
008 0714s1973 ag 01
040 _aAR-BaBN
_bspa
_cAR-BaBN
_eaacr
_dRIC
082 _a286.0000 B168
100 _aBaker, Robert Andrew
_922724
245 _aRelations between Northern and Southern Baptists
250 _a1 ed.
260 _as.l.,
_c1948
300 _a295 p
650 _aiglesia bautista-historia
_94637
942 _cBK
999 _c18881
_d18881